| 000 | 01249cam a2200253 4500 | ||
|---|---|---|---|
| 001 | L137216 | ||
| 008 | 070322s2007 xxkao f 001 0 eng d | ||
| 020 |
_a0471684732 _a9780471684732 |
||
| 035 | _a(Sirsi) u137216 | ||
| 041 | 0 | _aeng | |
| 050 | 0 | 4 | _a728.37 |
| 100 | 1 | _aMitton, Maureen | |
| 245 | 0 | 0 |
_aResidential interior design _ba guide to planning spaces |
| 260 |
_aHoboken, New Jersey _bJohn Wiley and Sons Inc _c2007 |
||
| 300 |
_avii, 248p. _bill. _c28cm. |
||
| 350 | _a19.59 | ||
| 505 | 2 | _aVisual thinking and design graphics -- Bedrooms -- Bathrooms -- Kitchens -- Leisure spaces -- Utility spaces -- Circulation spaces | |
| 520 | _aCovers fundamental skills for planning interior spaces in many types of homes. Addresses each type of room in turn, and numerous styles of decoration. Reviews aspects of interior architecture as they relate to human factors and daily use. Contains illustrations of interior details and furniture, plans and photographs. Focuses on quality of design and aims to teach the concepts needed to design efficient and attractive rooms. | ||
| 590 | _aKA | ||
| 651 | 4 | _aInternational | |
| 690 | _aPROPERTY-RESIDENTIAL PROPERTY-DOMESTIC RESIDENTIAL PROPERTY | ||
| 700 | 1 | _aNystuen, Courtney | |
| 942 | _n0 | ||
| 999 |
_c106693 _d106693 |
||